000 00736nam a2200277Ia 4500
001 63706
003 IT-RoPAU
008 130308s9999 xx 000 0 und d
040 _aIT-RoPAU
040 _cIT-RoPAU
041 _aITALIANO
100 _aMorandini Morando
100 _gCodice Aut. SPICS: 3592
245 _aSenso: melodramma e tragedia
245 _bOpera di Luchino Visconti (L')
250 _a1a ed.
260 _bProvincia Di Firenze
260 _c1969 [1° Ed.:1969 - Ed.Ling.Originale:1966]
300 _a"7 p. (prefazione: no ; testo: 7 [pagine: 293-299])"
650 _aAUTORI/OPERE DEL CINEMA
650 _eCodice materia Spics: 6807
942 _cBK
957 _71
999 _c53167
_d53167
999 _bSI
999 _g1